000 00457nam a2200145 i 4500
001 114838
003 ES-MaACL
007 t|
008 070403s1924 ag ||||1| spa d
100 1 _aRojas, Ricardo.
_999058
245 1 0 _aFacultad de FilosofĂ­a y Letras
_b: documentos del decanato (1921-1924) /
_cRicardo Rojas.
260 _aBuenos Aires :
_b[s.n.],
_c1924 (
_fImpr. de la Universidad)
300 _aX, 334 p. ;
_c19 cm.
852 _aES-MaACL
_jG-3415
999 _c114838
_d114838